| 000 | 004760000a22001930004500 | ||
|---|---|---|---|
| 001 | 004038 | ||
| 003 | MACL | ||
| 005 | 20150902130218.0 | ||
| 008 | 150902b xxu||||| |||| 00| 0 eng d | ||
| 040 |
_aMACL _cMACL |
||
| 041 | _aEnglish | ||
| 082 | _a801.954/KUM | ||
| 100 |
_aKumar, Vinay J. _98536 |
||
| 245 |
_aDebatables Issues _cVinay J. Kumar |
||
| 260 |
_aDelhi _c2001 _bChetak Publishing House, |
||
| 350 | _a250 | ||
| 650 |
_aPhilosophy _98537 |
||
| 942 |
_k802 _cBK _2ddc |
||
| 999 |
_c15930 _d15930 |
||